000
00207 a2200085 4500
020
_a
9780624040057
082
_2
616.9940654 SERF
_a
616.9940654
_b
1
100
_a
SERFONTEIN, W J
_9
105944
245
_a
BEATING CANCER
999
_c
780553
_d
780552
942
_w
438
_x
Lucy Nkosi
_y
438
_z
Lucy Nkosi